MARC details
| 000 -LEADER |
| fixed length control field |
02588cam a2200445 i 4500 |
| 001 - CONTROL NUMBER |
| control field |
849715668 |
| 003 - CONTROL NUMBER IDENTIFIER |
| control field |
OCoLC |
| 005 - DATE AND TIME OF LATEST TRANSACTION |
| control field |
20251115061835.0 |
| 008 - FIXED-LENGTH DATA ELEMENTS--GENERAL INFORMATION |
| fixed length control field |
130401s2012 onc 000 1 eng d |
| 010 ## - LIBRARY OF CONGRESS CONTROL NUMBER |
| LC control number |
2014657911 |
| 020 ## - INTERNATIONAL STANDARD BOOK NUMBER |
| International Standard Book Number |
9780778315575 |
| 020 ## - INTERNATIONAL STANDARD BOOK NUMBER |
| International Standard Book Number |
0778315576 |
| 040 ## - CATALOGING SOURCE |
| Original cataloging agency |
CCE |
| Language of cataloging |
eng |
| Description conventions |
rda |
| Transcribing agency |
CCE |
| Modifying agency |
OCO |
| -- |
ZAC |
| -- |
OCP |
| -- |
ZHB |
| -- |
CFR |
| -- |
OCLCF |
| -- |
OCLCO |
| -- |
DLC |
| -- |
RB0 |
| -- |
OCLCQ |
| -- |
OCLCO |
| -- |
NKADP |
| -- |
NTASP |
| -- |
OCLCO |
| -- |
OCL |
| -- |
LKC |
| -- |
CQA |
| -- |
OCLCO |
| -- |
UtOrBLW |
| 041 ## - LANGUAGE CODE |
| Language code of text/sound track or separate title |
eng |
| 043 ## - GEOGRAPHIC AREA CODE |
| Geographic area code |
n-us-ca |
| 050 14 - LIBRARY OF CONGRESS CALL NUMBER |
| Classification number |
F |
| Item number |
Andre Bella |
| 082 04 - DEWEY DECIMAL CLASSIFICATION NUMBER |
| Classification number |
[Fic] |
| 092 ## - LOCALLY ASSIGNED DEWEY CALL NUMBER (OCLC) |
| Classification number |
R ANDRE |
| 100 1# - MAIN ENTRY--PERSONAL NAME |
| Personal name |
Andre, Bella, |
| Relator term |
author. |
| 245 10 - TITLE STATEMENT |
| Title |
From this moment on / |
| Statement of responsibility, etc. |
Bella Andre. |
| 250 ## - EDITION STATEMENT |
| Edition statement |
Expanded edition. |
| 260 ## - PUBLICATION, DISTRIBUTION, ETC. (IMPRINT) |
| Place of publication, distribution, etc. |
Don Mills, Ontario : |
| Name of publisher, distributor, etc. |
Harlequin MIRA, |
| Date of publication, distribution, etc. |
[2012] |
| 264 #1 - PRODUCTION, PUBLICATION, DISTRIBUTION, MANUFACTURE, AND COPYRIGHT NOTICE |
| Place of production, publication, distribution, manufacture |
Don Mills, Ontario : |
| Name of producer, publisher, distributor, manufacturer |
Harlequin MIRA, |
| Date of production, publication, distribution, manufacture, or copyright notice |
[2012] |
| 300 ## - PHYSICAL DESCRIPTION |
| Extent |
379 pages ; |
| Dimensions |
17 cm. |
| 336 ## - CONTENT TYPE |
| Content type term |
text |
| Content type code |
txt |
| Source |
rdacontent. |
| 337 ## - MEDIA TYPE |
| Media type term |
unmediated |
| Media type code |
n |
| Source |
rdamedia. |
| 338 ## - CARRIER TYPE |
| Carrier type term |
volume |
| Carrier type code |
nc |
| Source |
rdacarrier. |
| 490 1# - SERIES STATEMENT |
| Series statement |
Sullivans ; |
| Volume/sequential designation |
[2] |
| 520 ## - SUMMARY, ETC. |
| Summary, etc. |
For thirty-six years, Marcus Sullivan has been the responsible older brother, stepping in to take care of his seven siblings after their father died when they were children. But when the perfectly ordered future he's planned for himself turns out to be nothing but a lie, Marcus needs one reckless night to shake free from it all. Nicola Harding is known throughout the world by only one name - Nico - for her catchy, sensual pop songs. Only, what no one knows about the twenty-five year old singer is that her sex-kitten image is totally false. After a terrible betrayal by a man who loved fame far more than he ever loved her, she vows not to let anyone else get close enough to find out who she really is ... or hurt her again. Especially not the gorgeous stranger she meets at a nightclub, even though the hunger - and the sinful promises - in his dark eyes make her want to spill all her secrets. One night is all Nicola and Marcus agree to share with each other. But nothing goes as they plan when instead of simply tangling limbs, they find a deeper connection than either of them could have anticipated. And even though they both try to fight it, growing emotions - and sizzling attraction - keep drawing them closer together. |
| 650 #0 - SUBJECT ADDED ENTRY--TOPICAL TERM |
| Topical term or geographic name as entry element |
Women singers |
| Form subdivision |
Fiction. |
| 650 #7 - SUBJECT ADDED ENTRY--TOPICAL TERM |
| Topical term or geographic name as entry element |
Women singers. |
| Source of heading or term |
fast. |
| 651 #0 - SUBJECT ADDED ENTRY--GEOGRAPHIC NAME |
| Geographic name |
California |
| Form subdivision |
Fiction. |
| 651 #7 - SUBJECT ADDED ENTRY--GEOGRAPHIC NAME |
| Geographic name |
California. |
| Source of heading or term |
fast. |
| 655 #7 - INDEX TERM--GENRE/FORM |
| Genre/form data or focus term |
Romance fiction. |
| Source of term |
lcgft. |
| 655 #7 - INDEX TERM--GENRE/FORM |
| Genre/form data or focus term |
Romance fiction. |
| Source of term |
fast. |
| 655 #7 - INDEX TERM--GENRE/FORM |
| Genre/form data or focus term |
Fiction. |
| Source of term |
fast. |
| 655 #7 - INDEX TERM--GENRE/FORM |
| Genre/form data or focus term |
Love stories. |
| Source of term |
gsafd. |
| 800 1# - SERIES ADDED ENTRY--PERSONAL NAME |
| Personal name |
Andre, Bella. |
| Title of a work |
Sullivans ; |
| Volume/sequential designation |
2. |
| 942 ## - ADDED ENTRY ELEMENTS (KOHA) |
| Koha item type |
Libro/Book |